<?xml version="1.0" encoding="UTF-8"?>
<record
    xmlns:xsi="http://www.w3.org/2001/XMLSchema-instance"
    xsi:schemaLocation="http://www.loc.gov/MARC21/slim http://www.loc.gov/standards/marcxml/schema/MARC21slim.xsd"
    xmlns="http://www.loc.gov/MARC21/slim">

  <leader>00911na  a2200253   4500</leader>
  <controlfield tag="001">15850</controlfield>
  <controlfield tag="003">MIRAKIL</controlfield>
  <controlfield tag="005">20181213155141.0</controlfield>
  <controlfield tag="008">160924b        tu            000 0      </controlfield>
  <datafield tag="020" ind1=" " ind2=" ">
    <subfield code="a">9751906288</subfield>
  </datafield>
  <datafield tag="035" ind1=" " ind2=" ">
    <subfield code="a">15850</subfield>
  </datafield>
  <datafield tag="040" ind1=" " ind2=" ">
    <subfield code="a">Milas</subfield>
    <subfield code="b">tur</subfield>
    <subfield code="c">TR-AnCHP</subfield>
  </datafield>
  <datafield tag="082" ind1=" " ind2=" ">
    <subfield code="a">382.09561021 1991</subfield>
    <subfield code="b">T95d 1992</subfield>
  </datafield>
  <datafield tag="090" ind1=" " ind2=" ">
    <subfield code="a">382.09561021 1991 T95d 1992</subfield>
  </datafield>
  <datafield tag="110" ind1=" " ind2=" ">
    <subfield code="a">T&#xFC;rkiye &#x130;statistik Kurumu (T&#xDC;&#x130;K)</subfield>
  </datafield>
  <datafield tag="245" ind1=" " ind2=" ">
    <subfield code="a">D&#x131;&#x15F; ticaret istatistikleri</subfield>
    <subfield code="b">1991 = foreign trade statistics</subfield>
    <subfield code="c">Devlet &#x130;statistik Enstit&#xFC;s&#xFC; (D&#x130;E)</subfield>
  </datafield>
  <datafield tag="246" ind1=" " ind2=" ">
    <subfield code="a">1991 foreign trade statistics</subfield>
  </datafield>
  <datafield tag="260" ind1=" " ind2=" ">
    <subfield code="a">Ankara</subfield>
    <subfield code="b">Devlet &#x130;statistik Enstit&#xFC;s&#xFC; (D&#x130;E)</subfield>
    <subfield code="c">1992</subfield>
  </datafield>
  <datafield tag="300" ind1=" " ind2=" ">
    <subfield code="a">xx, 300 s.</subfield>
    <subfield code="b">tbl. , grf.</subfield>
    <subfield code="c">30 sm.</subfield>
  </datafield>
  <datafield tag="490" ind1=" " ind2=" ">
    <subfield code="a">Devlet &#x130;statistik Enstit&#xFC;s&#xFC;</subfield>
    <subfield code="v">1540</subfield>
  </datafield>
  <datafield tag="500" ind1=" " ind2=" ">
    <subfield code="a">Kurumun yeni ad&#x131;: T&#xFC;rkiye &#x130;statistik Kurumu (T&#xDC;&#x130;K)</subfield>
  </datafield>
  <datafield tag="650" ind1=" " ind2=" ">
    <subfield code="a">D&#x131;&#x15F; Ticaret</subfield>
    <subfield code="v">1991</subfield>
    <subfield code="x">&#x130;statistikler</subfield>
    <subfield code="y">T&#xFC;rkiye</subfield>
    <subfield code="z">S&#xFC;reli yay&#x131;nlar</subfield>
  </datafield>
  <datafield tag="942" ind1=" " ind2=" ">
    <subfield code="2">ddc</subfield>
    <subfield code="c">BKS</subfield>
  </datafield>
  <datafield tag="952" ind1=" " ind2=" ">
    <subfield code="a">0001</subfield>
    <subfield code="b">0001</subfield>
    <subfield code="d">2016-09-24</subfield>
    <subfield code="e">2</subfield>
    <subfield code="l">0</subfield>
    <subfield code="o">382.09561021 1991 T95d 1992</subfield>
    <subfield code="p">004186</subfield>
    <subfield code="r">2016-09-24 00:00:00</subfield>
    <subfield code="v">0.00</subfield>
    <subfield code="w">2016-09-24</subfield>
    <subfield code="y">BKS</subfield>
  </datafield>
  <datafield tag="999" ind1=" " ind2=" ">
    <subfield code="c">7529</subfield>
    <subfield code="d">7529</subfield>
  </datafield>
</record>
